000 01526nam a2200349 c 4500
003 BLK
005 20240303003950.0
008 180408b bul|||||r ||||||| ||bul||
010 _aKNG00055730000
020 _a954-446-775-0
_bиздат.: Егмонт България - (Подв. в нестандартна форма)
040 _aBLK
041 _aBUL
_cBUL
080 _aАмериканска литература (на САЩ)
_b821.111(73)
_x-93-91
_z821.111(73)-93-91
700 1 _aБалдучи, Рита
_eтекст
_935953
139 _aБалдучи, Рита
_bБ 21
245 1 0 _aЧантичка с мечти
_bСкъпоценни мигове с твоите любими принцеси
_cтекст Рита Балдучи; прев. от англ. Ирина Атанасова Димитрова.
257 _aUSA
260 София
_bЕгмонт България
_c2004
_fОтпеч. в Китай
300 _a24 с.
_bс цв. ил.
_c24 см
380 _aDX
490 1 _aDisney Принцеса
500 _aБез сведение за ориг. загл. - Отпеч. на ламиниран картон. Изд. на Disney.
653 _aлитература за деца
653 _aдетска литература
653 _aприказки
852 _aЦб 224935
856 4 _qpdf
_u
856 4 _qpdf
_u
942 _cKNG
_n0
_021
944 _aCR
_c06.10.2005
_lCRON CRON
_k
944 _aED
_c24.10.2012
_lф /
_k
999 _c51815
_d51815